MARC

LEADER 00000nam0a2200000 4500
001 293765
005 20231102000627.0
035 |a (RuTPU)RU\TPU\book\318807 
090 |a 293765 
100 |a 20150506d1984 k y0rusy50 ca 
101 0 |a rus 
102 |a RU 
105 |a a z 001zy 
200 1 |a Пермские морские отложения и двустворчатые моллюски Советской Арктики  |f Всесоюзный нефтяной научно-исследовательский геологоразведочный институт ; под ред. В. А. Муромцевой 
210 |a Ленинград  |c Недра  |d 1984 
215 |a 208 с.  |c ил. 
225 1 |a Труды ВНИГРИ 
320 |a Библиогр.: с. 120-127 
606 1 |a Моллюски ископаемые  |2 stltpush  |3 (RuTPU)RU\TPU\subj\66870  |9 82879 
610 1 |a морские отложения 
610 1 |a Арктика 
610 1 |a пермские отложения 
610 1 |a палеонтологические исследования 
610 1 |a стратиграфия 
610 1 |a палеобиогеографические исследования 
675 |a 564  |v 3 
702 1 |a Муромцева  |b В. А.  |4 340 
712 0 2 |a Всесоюзный нефтяной научно-исследовательский геологоразведочный институт  |c (Ленинград)  |c (1945-1991)  |2 stltpush  |3 (RuTPU)RU\TPU\col\7662  |9 24357 
801 1 |a RU  |b 63413507  |c 20150506 
801 2 |a RU  |b 63413507  |c 20181009  |g RCR 
942 |c BK